<?xml version="1.0" encoding="UTF-8"?><?xml-stylesheet type="text/xsl" href="static/style.xsl"?><OAI-PMH xmlns="http://www.openarchives.org/OAI/2.0/" xmlns:xsi="http://www.w3.org/2001/XMLSchema-instance" xsi:schemaLocation="http://www.openarchives.org/OAI/2.0/ http://www.openarchives.org/OAI/2.0/OAI-PMH.xsd"><responseDate>2026-06-03T00:40:02Z</responseDate><request verb="GetRecord" identifier="oai:riuma.uma.es:10630/17801" metadataPrefix="marc">https://riuma.uma.es/rest/oai/request</request><GetRecord><record><header><identifier>oai:riuma.uma.es:10630/17801</identifier><datestamp>2026-02-03T11:57:19Z</datestamp><setSpec>com_10630_2254</setSpec><setSpec>col_10630_37959</setSpec></header><metadata><record xmlns="http://www.loc.gov/MARC21/slim" xmlns:dcterms="http://purl.org/dc/terms/" xmlns:doc="http://www.lyncode.com/xoai" xmlns:xsi="http://www.w3.org/2001/XMLSchema-instance" xsi:schemaLocation="http://www.loc.gov/MARC21/slim http://www.loc.gov/standards/marcxml/schema/MARC21slim.xsd">
   <leader>00925njm 22002777a 4500</leader>
   <datafield ind2=" " ind1=" " tag="042">
      <subfield code="a">dc</subfield>
   </datafield>
   <datafield ind2=" " ind1=" " tag="720">
      <subfield code="a">Estévez Estévez, Beatriz</subfield>
      <subfield code="e">author</subfield>
   </datafield>
   <datafield ind2=" " ind1=" " tag="260">
      <subfield code="c">2019-06-12</subfield>
   </datafield>
   <datafield ind2=" " ind1=" " tag="520">
      <subfield code="a">Cursé Pedagogía porque alguien me habló de esa carrera que parecía ser afín, a mi primera opción, Psicología. Fue todo muy rápido y mi decisión no estaba fundamentada en el conocimiento de la misma, ni en la empleabiliad futura que me podría proporcionar; sino que los tiempos, la inercia y la inexperiencia me hicieron entrar allí. Pero cuando uno llega a un lugar porque no había otro en el que entrar, tienes dos opciones o despliegas una actitud de entusiasmo y expectación ante lo desconocido para decidir si te quedas,  o entras para no quedarte. Una vez me incorporé, mi opción ante lo desconocido  fue la primera, expectación, ilusión y entusiasmo, las asignaturas me gustaban y estaba en la Un</subfield>
   </datafield>
   <datafield ind1="8" ind2=" " tag="024">
      <subfield code="a">https://hdl.handle.net/10630/17801</subfield>
   </datafield>
   <datafield tag="653" ind2=" " ind1=" ">
      <subfield code="a">Pedagogía</subfield>
   </datafield>
   <datafield tag="653" ind2=" " ind1=" ">
      <subfield code="a">Empleo</subfield>
   </datafield>
   <datafield ind2="0" ind1="0" tag="245">
      <subfield code="a">Pedagogía y autoempleo: si se puede!</subfield>
   </datafield>
</record>
</metadata></record></GetRecord></OAI-PMH>